[Event "Titled Tuesday intern op 1st Sept"]
[Site "Chess.com INT"]
[Date "2015.09.01"]
[Round "1"]
[White "James, Jesse"]
[Black "Tang, Andrew"]
[Result "0-1"]
[WhiteElo "2155"]
[BlackElo "2428"]
[PlyCount "56"]
[EventDate "2015.09.01"]
[EventType "swiss (blitz)"]
[EventRounds "9"]
[EventCountry "USA"]
[SourceTitle "EXT 2021"]
[Source "ChessBase"]
[SourceDate "2020.10.23"]
[SourceVersion "1"]
[SourceVersionDate "2020.10.23"]
[SourceQuality "1"]

1. e4 e5 2. Nf3 Nc6 3. d4 exd4 4. Nxd4 Nf6 5. Nc3 Bb4 6. Nxc6 bxc6 7. Bd3 d5 8. exd5 cxd5 9. 0-0 0-0 10. Bg5 c6 11. Na4 Bd6 12. c4 h6 13. Bh4 Be6 14. cxd5 cxd5 15. Rc1 Rb8 16. Bb1 Rb4 17. Bg3 Bxg3 18. fxg3 Bd7 19. Nc3 Rxb2 20. Qd3 g6 21. Kh1 Bf5 22. Rxf5 gxf5 23. Rf1 Re8 24. Qxf5 Rb6 25. Qf4 Kg7 26. Nd1 Qd6 27. Ne3 Qxf4 28. gxf4 Rxe3 0-1

[Event "Titled Tuesday intern op 1st Sept"]
[Site "Chess.com INT"]
[Date "2015.09.01"]
[Round "3"]
[White "Mucobega, Jaup"]
[Black "James, Jesse"]
[Result "1-0"]
[WhiteElo "2159"]
[BlackElo "2143"]
[PlyCount "101"]
[EventDate "2015.09.01"]
[EventType "swiss (blitz)"]
[EventRounds "9"]
[EventCountry "USA"]
[SourceTitle "EXT 2021"]
[Source "ChessBase"]
[SourceDate "2020.10.23"]
[SourceVersion "1"]
[SourceVersionDate "2020.10.23"]
[SourceQuality "1"]

1. e4 c5 2. Nf3 e6 3. c3 d5 4. exd5 exd5 5. d4 Nf6 6. Bb5+ Bd7 7. Bxd7+ Nbxd7 8. 0-0 Be7 9. Re1 0-0 10. dxc5 Nxc5 11. Nbd2 Nd3 12. Re2 Nf4 13. Re1 Bd6 14. Nb3 h6 15. Nbd4 Rc8 16. Nf5 Ne6 17. N3d4 Nxd4 18. Qxd4 Rc4 19. Qd3 Rg4 20. h3 Rg6 21. Bd2 Ne4 22. Nxd6 Qxd6 23. Rad1 Rd8 24. Be3 b6 25. Bd4 Qd7 26. Qf3 Re8 27. Re3 f5 28. Qf4 Rf8 29. Rde1 Rf7 30. f3 Ng5 31. Re8+ Kh7 32. Kh2 Ne6 33. R8xe6 Rxe6 34. Re5 Rxe5 35. Bxe5 Qe6 36. Qd4 Qg6 37. f4 Qe6 38. a4 Rf8 39. Bxg7 Rg8 40. Be5 Qg6 41. Qf2 Rc8 42. Qd2 Rc4 43. Qxd5 Qg8 44. Qd7+ Kg6 45. Qd6+ Kh7 46. Qe7+ Kg6 47. Qf6+ Kh7 48. Qxf5+ Qg6 49. Qd7+ Kg8 50. Qd8+ Kh7 51. Qh8# 1-0

[Event "Titled Tuesday intern op 4th Aug"]
[Site "Chess.com INT"]
[Date "2015.08.04"]
[Round "8"]
[White "Costa, Paulo Cesar"]
[Black "James, Jesse"]
[Result "1-0"]
[WhiteElo "1976"]
[BlackElo "2147"]
[PlyCount "117"]
[EventDate "2015.08.04"]
[EventType "swiss (blitz)"]
[EventRounds "9"]
[EventCountry "USA"]
[SourceTitle "EXT 2021"]
[Source "ChessBase"]
[SourceDate "2020.10.23"]
[SourceVersion "1"]
[SourceVersionDate "2020.10.23"]
[SourceQuality "1"]

1. Nf3 g6 2. d4 Bg7 3. e4 c5 4. Nc3 cxd4 5. Nxd4 Nc6 6. Be3 Nf6 7. Be2 0-0 8. 0-0 d6 9. Nb3 Be6 10. Qd2 Ne5 11. f3 Nc4 12. Bxc4 Bxc4 13. Rfd1 Qc7 14. Bd4 b5 15. a3 a5 16. Kh1 b4 17. axb4 axb4 18. Nd5 Nxd5 19. Bxg7 Kxg7 20. exd5 Rxa1 21. Rxa1 Bxb3 22. cxb3 Qc5 23. h3 Rc8 24. Rd1 Rc7 25. Kh2 f6 26. Kh1 Qc2 27. Qxc2 Rxc2 28. Rd4 Rxb2 29. Rxb4 Rd2 30. Rb5 f5 31. Kh2 Kf6 32. Kg3 g5 33. b4 h5 34. Kh2 f4 35. Kg1 Ke5 36. Rb7 Kf6 37. Rb5 g4 38. hxg4 hxg4 39. fxg4 Kg5 40. Rb7 Re2 41. b5 Kxg4 42. b6 Kg3 43. Kf1 Rf2+ 44. Ke1 Rxg2 45. Rxe7 Rg1+ 46. Kd2 Rg2+ 47. Kc3 f3 48. Rf7 Rh2 49. Rg7+ Kf2 50. b7 Rh8 51. Kb4 Ke3 52. Kb5 f2 53. Rf7 Kd4 54. Rxf2 Kxd5 55. Ka6 Kc6 56. Ka7 Rh7 57. Rc2+ Kb5 58. Ka8 d5 59. b8Q+ 1-0

[Event "Titled Tuesday intern op 4th Aug"]
[Site "Chess.com INT"]
[Date "2015.08.04"]
[Round "3"]
[White "James, Jesse"]
[Black "Haridas, Kesavan"]
[Result "1-0"]
[WhiteElo "2179"]
[BlackElo "2142"]
[PlyCount "77"]
[EventDate "2015.08.04"]
[EventType "swiss (blitz)"]
[EventRounds "9"]
[EventCountry "USA"]
[SourceTitle "EXT 2021"]
[Source "ChessBase"]
[SourceDate "2020.10.23"]
[SourceVersion "1"]
[SourceVersionDate "2020.10.23"]
[SourceQuality "1"]

1. e4 e5 2. Nf3 Nc6 3. Bc4 Nf6 4. d3 Bc5 5. Bg5 h6 6. Bh4 d6 7. Nbd2 Bb6 8. c3 Qe7 9. Qe2 g5 10. Bg3 Bg4 11. 0-0-0 0-0-0 12. Kb1 Kb8 13. Rc1 Rhe8 14. Rhe1 Na5 15. Bb5 c6 16. Ba4 Bc7 17. Ka1 b5 18. Bc2 Nb7 19. d4 a6 20. Nf1 Nd7 21. Ne3 Bh5 22. Nf5 Qf8 23. Qd2 Bg6 24. h4 g4 25. Ng1 h5 26. f3 Nb6 27. b3 Bxf5 28. exf5 exd4 29. Qxd4 Nd5 30. fxg4 hxg4 31. c4 Nb4 32. cxb5 Nxc2+ 33. Rxc2 Rxe1+ 34. Bxe1 axb5 35. Qxg4 d5 36. Nf3 Qa3 37. Rxc6 Re8 38. Qb4 Qa6 39. Rxa6 1-0